000 00589nam a2200193Ia 4500
001 22387
003 GE_BSU
008 181216s||||||||xx |||||||||||||| ||und||
040 _cGE_BSU
245 _aИнновации в образовании, №2 Февраль 2018.
245 _cГл.ред.И.В. Сыромятников
260 _aМосква
260 _c2018
300 _a144 стр. 24 см.
653 _aИнновации в образовании, №2 Февраль 2018.
653 _aПериодика
653 _aპერიოდიკა
942 _cCR
999 _c55309
_d55309